Grupos de seis #2 - Estadísticas

Estadísticas generales
  • Esta prueba ha sido intentada 5.100 veces
  • La puntuación promedio es 22 de 48
Estadísticas de respuestas
Grupo Respuesta % Correcto
Las lenguas oficiales de la ONU Español
96%
Las lenguas oficiales de la ONU Inglés
96%
Las lenguas oficiales de la ONU Francés
93%
Las lenguas oficiales de la ONU Chino mandarín
89%
Los ríos mas largos por continente Amazonas
87%
Los ríos mas largos por continente Nilo
85%
Las megaciudades de India Delhi
76%
Los países que limitan con Sudáfrica Lesoto
75%
Las lenguas oficiales de la ONU Ruso
73%
Los países que limitan con Sudáfrica Esuatini
69%
Los países que limitan con Sudáfrica Namibia
67%
Los países que limitan con Sudáfrica Mozambique
66%
Las lenguas oficiales de la ONU Árabe
64%
Los países que limitan con Sudáfrica Botsuana
63%
Los países que limitan con Sudáfrica Zimbabue
63%
Las esposas de Enrique VIII Catalina de {Aragón}
57%
Las megaciudades de India Bombay
55%
Los ríos mas largos por continente Misisipi / Misuri
50%
Las esposas de Enrique VIII Ana {Bolena}
47%
Los ríos mas largos por continente Volga
45%
Los seis primeros cubos perfectos 1
43%
Los estados de EE. UU. en las Rocallosas Colorado
43%
Los seis primeros cubos perfectos 8
42%
Las megaciudades de India Calcuta
42%
Los seis primeros cubos perfectos 27
38%
Los seis primeros cubos perfectos 64
36%
Los estados de EE. UU. en las Rocallosas Montana
36%
Los estados de EE. UU. en las Rocallosas Utah
36%
Los seis primeros cubos perfectos 125
33%
Los estados de EE. UU. en las Rocallosas Idaho
33%
Los estados de EE. UU. en las Rocallosas Wyoming
32%
Los estados de Australia Queensland
31%
Los estados de Australia Tasmania
31%
Los seis primeros cubos perfectos 216
30%
Los estados de EE. UU. en las Rocallosas Nuevo México
30%
Los estados de Australia Nueva Gales del Sur
26%
Los estados de Australia Australia Occidental
25%
Los estados de Australia Victoria
25%
Los ríos mas largos por continente Yangtsé
25%
Los estados de Australia Australia Meridional
19%
Las megaciudades de India Bangalore
19%
Las megaciudades de India Chennai
14%
Las esposas de Enrique VIII Jane {Seymour}
14%
Las esposas de Enrique VIII Catalina {Parr}
13%
Las megaciudades de India Hyderabad
11%
Los ríos mas largos por continente Murray
11%
Las esposas de Enrique VIII Ana de {Cléveris}
10%
Las esposas de Enrique VIII Catalina {Howard}
10%
No se encontraron pruebas coincidentes
Distribución de puntuación
Porcentaje de gente con cada puntuación
Porcentaje por número respondido
Historial de tus puntuaciones
No has intentado esta prueba.